书目信息 |
| 题名: |
海洋探测的今天和明天
|
|
| 作者: | 许启望 著 | |
| 分册: | ||
| 出版信息: | 北京 人民教育出版社 1986 |
|
| 页数: | 135页 | |
| 开本: | 19cm | |
| 丛书名: | 现代科学技术丛书 | |
| 单 册: | ||
| 中图分类: | P715-49 | |
| 科图分类: | ||
| 主题词: | 海洋--探测--中学读物--课外 | |
| 电子资源: | ||
| ISBN: | ||
| 000 | 00731nam2 2200265 45 | |
| 001 | 0186010320 | |
| 005 | 20060805172736.78 | |
| 010 | @dCNY0.58 | |
| 091 | @a7012.01061 | |
| 100 | @a19930622d1986 demy0chiy0121 ea | |
| 101 | 0 | @achi |
| 102 | @aCN@b110000 | |
| 105 | @af z 000yy | |
| 200 | 10 | @a海洋探测的今天和明天@Ahai yang tan ce de jin tian he ming tian@f许启望著 |
| 210 | @a北京@c人民教育出版社@d1986 | |
| 215 | @a135页@c图@d19cm | |
| 225 | 2 | @a现代科学技术丛书 |
| 300 | @a中学生课外读物 | |
| 410 | 0 | @120010@a现代科学技术丛书 |
| 606 | @a海洋@x探测@x中学读物@x课外 | |
| 690 | @aP715-49@v3 | |
| 701 | 0 | @a许启望@Axu qi wang@4著 |
| 801 | 2 | @aCN@bNLC@c20060805 |
| 801 | 0 | @aCN@bTSSF |
| 905 | @a10447@dP715-49@e38 | |
| 海洋探测的今天和明天/许启望著.-北京:人民教育出版社,1986 |
| 135页:图;19cm.-(现代科学技术丛书) |
| 中学生课外读物 |
| ISBN :CNY0.58 |
| ● |
| 相关链接 |
|
|
|
|
正题名:海洋探测的今天和明天
索取号:P715-49/38
 
预约/预借
| 序号 | 登录号 | 条形码 | 馆藏地/架位号 | 状态 | 备注 |
| 1 | 0451680 | 204516808 | 密集书库/ [索取号:P715-49/38] | 在馆 |